00600cam a22002291 4500001001300000003000400013005001700017008004100034010002300075025001800098040001800116043001200134050001700146082001500163245004300178260004400221300001800265350001100283651003100294710002800325999001700353he 68002086 DLC20260227111500.0710901s1967 is 000 0 eng  ahe 68002086 //r922 aPL480:Is-7512 aDLCcDLCdDLC af-nr---00aDT515.5b.B500a966.9/4/0500aBiafra struggle for national survival.0 a[Haifa,bBiafra Union of Israel]c1967. a23 p.c22 cm. aIL0.50 0aNigeria, EasternxHistory.20aBiafra Union of Israel. c33497d33497